Tres cuentos de fantasmas / (Record no. 147623)

MARC details
000 -CABECERA
campo de control de longitud fija 00631nam a2200205 u 4500
005 - FECHA Y HORA DE LA ÚLTIMA TRANSACCIÓN
campo de control 20240806064035.0
008 - ELEMENTOS DE LONGITUD FIJA--INFORMACIÓN GENERAL
campo de control de longitud fija 100426s2006 mx r 000 0 spa d
020 ## - NÚMERO INTERNACIONAL NORMALIZADO PARA LIBROS
Número Internacional Estándar del Libro 9686871950
035 ## - NÚMERO DE CONTROL DEL SISTEMA
Número de control de sistema UPN01000175519
049 ## - COLECCIÓN
Colección CG
050 #4 - SIGNATURA TOPOGRÁFICA DE LA BIBLIOTECA DEL CONGRESO
Número de clasificación PS2116
Número de documento/Ítem T7.3
100 1# - ASIENTO PRINCIPAL--NOMBRE PERSONAL
Nombre de persona James, Henry,
Fechas asociadas al nombre 1843-1916
9 (RLIN) 28775
245 10 - MENCIÓN DE TÍTULO
Título Tres cuentos de fantasmas /
Mención de responsabilidad, etc. Henry James ; tr. Carlos Pujol.
260 ## - PUBLICACIÓN, DISTRIBUCIÓN, ETC.
Lugar de publicación, distribución, etc. México :
Nombre del editor, distribuidor, etc. Factoría Ediciones,
Fecha de publicación, distribución, etc. 2006.
300 ## - DESCRIPCIÓN FÍSICA
Extensión 151 p.
440 #3 - MENCIÓN DE SERIE/ASIENTO SECUNDARIO--TÍTULO
Título El altar de los muertos.
Nombre de parte o sección de la obra Fantástica ;
Designación de volumen o secuencia 4
534 ## - NOTA SOBRE LA VERSIÓN ORIGINAL
Frase introductoria Título original:
Mención de título del original The ghostly rental
650 #4 - ASIENTO SECUNDARIO DE MATERIA - TERMINO TEMATICO
Término de materia o nombre geográfico como elemento de entrada Literatura estadounidense
9 (RLIN) 5229
905 ## - TIPO DE MATERIAL
Tipo de material Libro
Holdings
Estado de retiro Estado de pérdida Fuente del sistema de clasificación o colocación Estado dañado No para préstamo Código de colección Localización permanente Ubicación/localización actual Ubicación en estantería Total de préstamos Clasificación Código de barras Fecha visto por última vez Número de copia Tipo de ítem Koha
    Library of Congress Classification     Colección General Bib. Gregorio Torres Quintero Bib. Gregorio Torres Quintero Planta baja 3 PS2116 T7.3 274119 31/12/2020 1 Libro